عرض عادي
عرض مارك
- Jurafsky, Dan,
مدخل إسم شخص
001 - رقم الضبط
- حقل الضبط: 36683
003 - معرف رقم الضبط
- حقل الضبط: OSt
005 - تاريخ ووقت أخر عملية
- حقل الضبط: 20130821074748.0
008 - عناصر بيانات ثابتة الطول
- حقل تحكم ثابت الطول: 130821|||a|||||| | ||| d
040 ## - مصدر الفهرسة
- هيئة الفهرسة الأصلية: OSt
- وكالة الكتابة: OSt
100 ## - مدخل -- أسم شخص
- إسم شخص: Jurafsky, Dan,
- تواريخ مرتبطة بالاسم: 1962-
670 ## - بيانات المصدر موجوده
- الاستشهاد بالمصدر: Work cat.: (OSt)30461: Jurafsky, Dan, 1962-, Speech and language processing :, c2009.
